000 00529pab a2200193 454500
008 180718b2013 xxu||||| |||| 00| 0 eng d
100 _aSusan, V.
245 _aEmotional labour and quality of work life on job attitude among law enforcement officer: Does gender matter?
260 _c2013
300 _ap.186-198.
362 _aJul-Sep
650 _aJob attitude
650 _aLabour
650 _aQuality of working life
700 _aJayan, C.
773 _aIndian Police Journal
908 _aN
909 _a103798
999 _c103794
_d103794